Invázne machorasty

Bibliographic Details
Main Authors: Kubinská, Anna, 1949-2017 (Author), Mišíková, Katarína, 1969- (Author)
Format: Article
Language:Slovak
Subjects:

MARC

LEADER 00000nab a2200000 a 4500
001 vtls000765230
003 SK-MaSNL
005 20260304133240.0
008 250429c2001 xo 0 slo
015 |a SNBRB2001/08-23584 
035 |a CLN000117017 
035 |a urn:nbn:sk:snk-abbugv 
035 |a (urnnbn)urn:nbn:sk:snk:ar-006elj 
035 |a (uuid)e6286ecd-e2a4-4679-93d4-401cdbe3d46c 
040 |a SNKBUCL  |b slo  |c SNKBUCL  |e AACR2 
041 0 |a slo 
044 |a xo  |c SK 
080 |a 582.32:581.524.2  |2 1997 
080 |a 581.524.2:582.32  |2 1997 
080 |a 504.73  |2 1997 
100 1 |a Kubinská, Anna,  |d 1949-2017  |4 aut  |9 7170 
245 1 0 |a Invázne machorasty  |c Anna Kubinská, Katarína Janovicová 
300 |b Fotogr., obr. 
504 |a Res. angl. 
504 |a Bibliogr. odkazy 
650 0 7 |a invázne druhy rastlín  |2 snkbucl  |9 75118 
650 0 7 |a machorasty  |2 snkbucl  |9 20309 
655 7 |a články z novín a časopisov  |2 snkbucl  |9 267496 
700 1 |a Mišíková, Katarína,  |d 1969-  |4 aut  |9 248039 
773 0 |t Životné prostredie  |g Roč. 35, č. 2 (2001), s. 100-101  |x 0044-4863 
850 |a Slovenská národná knižnica 
852 |a Slovenská národná knižnica 
954 |a odborná, vedecká literatúra pôvodná (slovenská)  |2 lita 
958 |a article15 
958 |a NB 
958 |a OND 
958 |a EUIPO 
992 |a RBX 
999 |c 2900621  |d 2902551